[Event "Porto Sant Elpidio op-B 16th"]
[Site "Porto Sant Elpidio"]
[Date "2013.11.24"]
[Round "6"]
[White "Ciccale, Giulia"]
[Black "Di Sante, Alessandro"]
[Result "1-0"]
[WhiteElo "1215"]
[BlackElo "1419"]
[PlyCount "105"]
[EventDate "2013.11.16"]
[EventType "swiss"]
[EventRounds "6"]
[EventCountry "ITA"]
[SourceTitle "EXT 2015"]
[Source "ChessBase"]
[SourceDate "2014.11.20"]
[SourceVersion "1"]
[SourceVersionDate "2014.11.20"]
[SourceQuality "1"]

1. e4 c5 2. Nc3 d6 3. Nf3 Nf6 4. Bb5+ Bd7 5. Bxd7+ Nbxd7 6. 0-0 g6 7. d3 Bg7 8. d4 cxd4 9. Nxd4 0-0 10. f3 Qb6 11. Nd5 Nxd5 12. exd5 Bxd4+ 13. Kh1 Nf6 14. c3 Be5 15. f4 Bxc3 16. bxc3 Qc5 17. Qe1 Nxd5 18. f5 Rfe8 19. fxg6 fxg6 20. Qe6+ Kh8 21. Bh6 Nf6 22. Qf7 Rg8 23. Rae1 Qd5 24. Rxe7 Qxf7 25. Rxf7 Ng4 26. Bg5 b5 27. h3 Ne5 28. Bf6+ Rg7 29. Rxg7 Rf8 30. Rxg6+ Rxf6 31. Rgxf6 Nc4 32. Rf7 a5 33. R1f5 Ne5 34. Re7 Kg8 35. Re8+ Kg7 36. Rg5+ Kf6 37. h4 Kf7 38. Rh8 Kf6 39. Rxh7 Ke6 40. Rh6+ Ke7 41. Rg7+ Nf7 42. Rhh7 Ke6 43. Rxf7 d5 44. Rb7 b4 45. cxb4 axb4 46. Rxb4 Ke5 47. Rh5+ Ke6 48. Rb6+ Kd7 49. Rxd5+ Kc7 50. Rh6 Kb7 51. Rg5 Kc7 52. Rg7+ Kd8 53. Rh8# 1-0